书目信息 |
| 题名: |
时间的礼物
|
|
| 作者: | 巴克曼 著 ;孙璐 译 | |
| 分册: | ||
| 出版信息: | 天津 天津人民出版社 2018.12 |
|
| 页数: | 55页 | |
| 开本: | 20cm | |
| 丛书名: | 弗雷德里克·巴克曼作品 | |
| 单 册: | ||
| 中图分类: | I532.45 | |
| 科图分类: | ||
| 主题词: | 中篇小说--zhong pian xiao shuo--瑞典--现代 | |
| 电子资源: | ||
| ISBN: | 978-7-201-14282-1 | |
| 000 | 01213nam 2200277 450 | |
| 001 | 202019132857 | |
| 005 | 20190921113344.0 | |
| 010 | @a978-7-201-14282-1@b精装@dCNY36.00 | |
| 100 | @a20190916d2018 em y0chiy50 ea | |
| 101 | 1 | @achi@cswe |
| 102 | @aCN@b120000 | |
| 105 | @aa z 000ay | |
| 106 | @ar | |
| 200 | 1 | @a时间的礼物@Ashi jian de li wu@d= Ditt livs affr@f(瑞典) 弗雷德里克·巴克曼著@g孙璐译@zswe |
| 210 | @a天津@c天津人民出版社@d2018.12 | |
| 215 | @a55页@c彩图@d20cm | |
| 225 | 2 | @a弗雷德里克·巴克曼作品@Afu lei de li ke · ba ke man zuo pin |
| 330 | @a本书是一部治愈系长篇小说。全书以一封遗书的形式讲述了一个略带幻想色彩的暖心故事。一个男人在他一生中的不同时期, 都见过一个捧着文件夹的女人, 她就是死神。男人用一生时间赚钱打拼, 力图活得比任何人都更精彩, 直到妻离子散, 身患癌症住进医院。在医院里, 他结识了一个5岁的小女孩。小女孩天真活泼, 对世界充满好奇。 | |
| 410 | 0 | @12001 @a弗雷德里克·巴克曼作品 |
| 500 | 10 | @aDitt livs affr@mChinese |
| 606 | 0 | @a中篇小说@Azhong pian xiao shuo@y瑞典@z现代 |
| 690 | @aI532.45@v5 | |
| 701 | 1 | @a巴克曼@Aba ke man@g(Backman, Fredrik),@f1981-@4著 |
| 702 | 0 | @a孙璐@Asun lu@4译 |
| 801 | 0 | @aCN@c20190905 |
| 905 | @a河南城建学院图书馆@dI532.45@eB044-2 | |
| 时间的礼物= Ditt livs affr/(瑞典) 弗雷德里克·巴克曼著/孙璐译.-天津:天津人民出版社,2018.12 |
| 55页:彩图;20cm.-(弗雷德里克·巴克曼作品) |
| ISBN 978-7-201-14282-1(精装):CNY36.00 |
| 本书是一部治愈系长篇小说。全书以一封遗书的形式讲述了一个略带幻想色彩的暖心故事。一个男人在他一生中的不同时期, 都见过一个捧着文件夹的女人, 她就是死神。男人用一生时间赚钱打拼, 力图活得比任何人都更精彩, 直到妻离子散, 身患癌症住进医院。在医院里, 他结识了一个5岁的小女孩。小女孩天真活泼, 对世界充满好奇。 |
| ● |
| 相关链接 |
|
|
|
正题名:时间的礼物
索取号:I532.45/B044-2
 
预约/预借
| 序号 | 登录号 | 条形码 | 馆藏地/架位号 | 状态 | 备注 |
| 1 | 1439683 | 214396839 | 文学库116/116文学库 18排3列5层/ [索取号:I532.45/B044-2] | 在馆 | |
| 2 | 1439684 | 214396848 | 文学库116/116文学库 18排3列5层/ [索取号:I532.45/B044-2] | 在馆 | |
| 3 | 1439685 | 214396857 | 文学库116/116文学库 18排3列5层/ [索取号:I532.45/B044-2] | 在馆 |